Statistiques concernant Culture Générale - Série 1733

Cliquez ici pour prendre le quiz!

Statistiques générales

  • Ce quiz a été pris 140 fois
  • Le résultat moyen est 5 sur 10

Statistiques - réponses

QuestionRéponse% Correct
Dans quel état des USA se trouve la ville de Houston ?Texas
91%
Quel ingrédient essentiel à la confection de confiseries rendait celles-ci extrêmement chères au Moyen Âge, en Europe ?sucre
76%
Quel jour de la semaine les troupes allemandes de Hitler envahirent-elles la Pologne, marquant le début de la Seconde Guerre mondiale ?vendredi
76%
Quel est l'état le plus grand des USA ?Alaska
69%
Quel pont est le plus ancien de Paris ?pont Neuf
64%
Quel est l'état le plus petit des USA ?Rhode Island
59%
Quel célèbre chef militaire concevait ses plans de bataille dans un bac à sable ?Napoléon Bonaparte
21%
Quel est le nom donné aux membres de la Société religieuse des Amis ?quakers
7%
Quel est le nom du navire qui emmena Charles Darwin dans les îles Galapagos ?Beagle
4%
Quel produit d'usage courant fut utilisé à l'origine pour empêcher l'eau de pénétrer dans les cartouches pendant la Seconde Guerre mondiale ?ruban adhésif
0%

Distribution des résultats

Percentile par nombre de réponses

% des personnes avec chaque résultat

Votre développement - résultats

Vous n’avez pas pris ce quiz